| 000 | 01010nam a2200337Ia 4500 | ||
|---|---|---|---|
| 008 | 171025s9999 xx 000 0 und d | ||
| 020 | _a21465576 | ||
| 050 | _a372.83 | ||
| 050 | _bB218 1997 | ||
| 100 | _aBanks, James | ||
| 245 | _aPeople together : | ||
| 245 | _badventures in time and place / | ||
| 245 | _cby James Banks, Barry K. Beyer, Gloria Contreras, Jean Craven, Gloria Ladson-Billings, Mary A. McFarland and Walter C. Parker. | ||
| 260 | _aUSA : | ||
| 260 | _bMacmillan, | ||
| 260 | _c1997 | ||
| 300 | _aviii, 221 pages : | ||
| 300 | _bcolor illustrations ; | ||
| 300 | _c28cm. | ||
| 500 | _aIncludes glossary and index. | ||
| 650 | _aGeography -- | ||
| 650 | _aSocial science -- | ||
| 650 | _aUnited States -- | ||
| 650 | _xStudy and teaching (Elementary). | ||
| 650 | _xStudy and teaching (Elementary). | ||
| 650 | _xStudy and teaching (Elementary). | ||
| 700 | _aBeyer, Barry K. | ||
| 700 | _aContreras, Gloria. | ||
| 700 | _aCraven, Jean. | ||
| 700 | _aTitle. | ||
| 999 |
_c344605 _d344605 |
||